|
|
|
|
| LEADER |
01328nam a2200289 a 4500 |
| 001 |
13618128 |
| 008 |
121203s2003 bg a b 001 0 eng d |
| 010 |
|
|
|a 2004327200
|
| 020 |
|
|
|a 9843209494
|
| 040 |
|
|
|a DLC
|c DLC
|d DLC
|d BD-DhAAL
|
| 082 |
0 |
0 |
|a 305.26095492
|2 22
|
| 245 |
0 |
4 |
|a The elderly :
|b contemporary issues /
|c editorial board: chairman, M.A. Sattar ; editor, M. Kabir ; members Humayun Kabir, K. Maudood Elahi, Samad Abedin.
|
| 260 |
|
|
|a Dhaka :
|b Bangladesh Association of Gerontology,
|c 2003.
|
| 300 |
|
|
|a xxxiv, 244 p. :
|b ill. ;
|c 21 cm.
|
| 546 |
|
|
|a Some articles in Bengali.
|
| 520 |
|
|
|a Contributed articles, with reference to Bangladesh.
|
| 504 |
|
|
|a Includes bibliographical references and index.
|
| 541 |
1 |
|
|e 00026309
|
| 650 |
|
0 |
|a Older people
|z Bangladesh
|x Social conditions.
|
| 650 |
|
0 |
|a Older people
|z Bangladesh
|x Economic conditions.
|
| 650 |
|
0 |
|a Older people
|x Health and hygiene
|z Bangladesh.
|
| 700 |
1 |
|
|a Sattar, M. A.
|
| 700 |
1 |
|
|a Kabir, M.
|q (Mohammad)
|
| 710 |
2 |
|
|a Bangladesh Association of Gerontology.
|
| 852 |
4 |
|
|a Ayesha Abed Library
|j General Shelf.
|
| 999 |
|
|
|c 12982
|d 12982
|
| 952 |
|
|
|0 0
|1 0
|2 ddc
|4 0
|6 305_260954920000000_ELD
|7 0
|9 21495
|a JPGSPH
|b JPGSPH
|c GEN
|d 2012-12-03
|e Institute of Public Health
|l 1
|o 305.26095492 ELD
|p 3060026309
|r 2012-12-08
|s 2012-12-08
|t 1
|w 2012-12-03
|y BK
|x Koha Inventory 2020
|